Movies Quiz

Random Movies or Star Wars Quiz

Star Wars: Episode 2 Character by First Line Quiz Stats

 Plays Quiz not verified by Sporcle

Support Sporcle.
Go Orange.
Score 0/19 Timer 10:00
0 Plays Today
Line Character % Correct
It's good to see you, too, Jar Jar.Obi-Wan Kenobi
82.4%
Cordé...Padmé Amidala
82.4%
Obi! Obi! Obi! Mesa sooo smilen to see'en yousa. Wahoooooo!Jar Jar Binks
82.4%
~name~... I guess I'm your step-brother.Owen Lars
82.4%
Hi, Jar Jar.Anakin Skywalker
76.5%
Annie...? Is it you?Shmi Skywalker
76.5%
...My esteemed colleagues, excuse me... I have just received some tragic and disturbing news. Senator Amidala of the Naboo system... Has been assassinated!Palpatine
64.7%
Oh no, my friend. This is a mistake, a terrible mistake... they've gone too far, this is madness.Count Dooku
64.7%
We made it. I guess I was wrong, there was no danger at all.Captain Typho
64.7%
Worse than war, I fear... Much worse.Yoda
52.9%
Line Character % Correct
Obi-Wan!Dexter Jettster
52.9%
If they do break away-Mace Windu
47.1%
The Senator from Naboo.Zam Wesell
47.1%
Good evening. May I help you?C-3PO
41.2%
Fairly.Jango Fett
29.4%
Do you think that it is wise use of manpower during these stressful times?Bail Organa
29.4%
Sure.Boba Fett
23.5%
No, not that one - that one!Watto
17.6%
No, she's not.Cliegg Lars
17.6%

You're not logged in!

Compare scores with friends on all Sporcle quizzes.
OR
Log In

From the Vault

Rhymes with 'ITE'

by koopa08

Raise your hand if you think this quiz is Dy-no-mite!!
Remove Ads.
Support Sporcle.
Get the best of Sporcle when you Go Orange. This ad-free experience offers more features, more stats, and more fun while also helping to support Sporcle. Thank you for becoming a member.

Show Comments

Extras

Top Quizzes Today


Score Distribution

Your Account Isn't Verified!

In order to create a playlist on Sporcle, you need to verify the email address you used during registration. Go to your Sporcle Settings to finish the process.

Report this User

Report this user for behavior that violates our Community Guidelines.

Details: